Census of production 1967 (Record no. 79238)
[ view plain ]
| 000 -LEADER | |
|---|---|
| fixed length control field | 00956nam a2200193 a 4500 |
| 008 - FIXED-LENGTH DATA ELEMENTS--GENERAL INFORMATION | |
| fixed length control field | 090219s1970 ||||||||||||||||| || u |
| 050 ## - LIBRARY OF CONGRESS CALL NUMBER | |
| Classification number | GOV.ZAM(058)CP/1970A |
| 110 ## - MAIN ENTRY--CORPORATE NAME | |
| Corporate name or jurisdiction name as entry element | Government of the Republic of Zambia. Central Statistical Office |
| 245 10 - TITLE STATEMENT | |
| Title | Census of production 1967 |
| Statement of responsibility, etc. | By Central Statistical Office (C.S.O.) |
| 260 ## - PUBLICATION, DISTRIBUTION, ETC. | |
| Place of publication, distribution, etc. | Lusaka: |
| Name of publisher, distributor, etc. | Central Statistical Office (CSO)-Zambia |
| Date of publication, distribution, etc. | 1970 |
| 300 ## - PHYSICAL DESCRIPTION | |
| Extent | 40p.: ill. |
| 350 ## - | |
| -- | 0.00 |
| 650 #3 - SUBJECT ADDED ENTRY--TOPICAL TERM | |
| Topical term or geographic name entry element | P0PULATION STATISTICS |
| 650 ## - SUBJECT ADDED ENTRY--TOPICAL TERM | |
| Topical term or geographic name entry element | PRODUCE TRADE--STATISTICS--ZAMBIA |
| 650 ## - SUBJECT ADDED ENTRY--TOPICAL TERM | |
| Topical term or geographic name entry element | INDUSTRIAL PRODUCTIVITY--STATISTICS--ZAMBIA |
| 650 #0 - SUBJECT ADDED ENTRY--TOPICAL TERM | |
| Topical term or geographic name entry element | CENSUS OF POPULATION--ZAMBIA |
| 995 ## - | |
| -- | SPECIAL COLLECTIONS |
| -- | 0.00 |
| -- | 03003663 |
| -- | CBU-MAIN LIBRARY (Kitwe) |
| -- | 1 |
| -- | 0.00 |
| -- | GOV.ZAM(058)CP/1970A |
| -- | 1 |
| -- | AVAILABLE |
| -- | Feb 19, 2009 |
| -- | 03003663 |
| -- | Zambiana Collection |
| 995 ## - | |
| -- | SPECIAL COLLECTIONS |
| -- | 0.00 |
| -- | 03003664 |
| -- | CBU-MAIN LIBRARY (Kitwe) |
| -- | 1 |
| -- | 0.00 |
| -- | GOV.ZAM(058)CP/1970B |
| -- | 2 |
| -- | AVAILABLE |
| -- | Feb 19, 2009 |
| -- | 03003664 |
| -- | Zambiana Collection |
| 999 ## - | |
| -- | 79238 |
| -- | 79238 |
No items available.